000 00379cam a2200145ua 4500
041 _aeng
_h
082 _a828.09
_bWAL/TE
100 _aWalker, Alice .
245 _aTextual problems of the first folio /
_cAlice Walker.
_hTextual Documents
260 _aLondon :
_bCambridge University Press ,
_c1953.
300 _a170 ; .
504 _a
942 _cBK
999 _c8635
_d8635